Loading...
| Fine Arts - Classical Music | 0 | 6 | 0 | 1 | 60 | 32 | 79.00 | 2 | 6 | 17.47 | 37.92 |
| Literature - British | 0 | 4 | 1 | 0 | 35 | 60 | 81.00 | 0 | 4 | 14.38 | 24.58 |
| Science - Other | 0 | 3 | 0 | 1 | 30 | 67 | 86.33 | 0 | 2 | 7.44 | 15.00 |
| Literature - European | 0 | 3 | 0 | 0 | 30 | 83 | 97.00 | 1 | 1 | 7.65 | 11.67 |
| Fine Arts - Painting and Sculpture | 0 | 3 | 1 | 1 | 25 | 74 | 96.67 | 0 | 2 | 6.57 | 10.00 |
| Literature - World | 0 | 2 | 1 | 0 | 15 | 98 | 103.50 | 0 | 0 | 4.22 | 3.75 |
| Philosophy | 0 | 1 | 0 | 1 | 10 | 125 | 125.00 | 0 | 0 | 0.00 | 1.67 |
| Popular Culture | 0 | 1 | 0 | 0 | 10 | 25 | 25.00 | 0 | 1 | 20.47 | 20.00 |
| Literature - American | 0 | 1 | 0 | 0 | 10 | 49 | 49.00 | 0 | 1 | 5.46 | 6.67 |
| Fine Arts - Other | 0 | 1 | 2 | 0 | 0 | 81 | 81.00 | 0 | 1 | 2.61 | 6.67 |
| Science - Chemistry | 0 | 0 | 1 | 0 | -5 | 0.00 | 0 | 0 | 0.00 | 0.00 |